[Event "Ontario op U2200"]
[Site "Toronto CAN"]
[Date "2022.05.22"]
[Round "3.29"]
[White "Wu, Benjamin"]
[Black "Faraji, Jafar"]
[Result "0-1"]
[WhiteElo "1828"]
[BlackElo "1941"]
[PlyCount "86"]
[EventDate "2022.05.21"]
[EventType "swiss"]
[EventRounds "6"]
[EventCountry "CAN"]

1. e4 c6 2. d4 d5 3. Nc3 dxe4 4. Nxe4 Nf6 5. Ng3 g6 6. Bc4 Bg7 7. Nf3 O-O 8.
O-O Bg4 9. c3 Nbd7 10. h3 Bxf3 11. Qxf3 e5 12. Bg5 h6 13. Be3 Qc7 14. Ne4 Nd5
15. Nc5 Nxe3 16. fxe3 Nxc5 17. dxc5 Qe7 18. b4 e4 19. Qg4 Kh7 20. Rad1 f5 21.
Qg3 Be5 22. Qe1 Qg7 23. Qh4 Bf6 24. Qf4 Bxc3 25. Be6 Be5 26. Qh4 Bf6 27. Qg3
Rad8 28. Qf2 Be5 29. Qe2 Bc7 30. Qc4 Qe5 31. Rd7+ Rxd7 32. Bxd7 Qh2+ 33. Kf2
Bg3+ 34. Ke2 Qxg2+ 35. Kd1 Qb2 36. Qe6 Qe5 37. Qxe5 Bxe5 38. Ke2 Rd8 39. Be6
Rd3 40. Rd1 Rxd1 41. Kxd1 Bc3 42. Bc8 Bxb4 43. Ke2 b6 0-1

[Event "Ontario op U2200"]
[Site "Toronto CAN"]
[Date "2022.05.22"]
[Round "3.30"]
[White "Cater, Brendan"]
[Black "Orlovskii, Konstantin"]
[Result "1/2-1/2"]
[WhiteElo "1916"]
[BlackElo "1734"]
[PlyCount "106"]
[EventDate "2022.05.21"]
[EventType "swiss"]
[EventRounds "6"]
[EventCountry "CAN"]

1. e4 c6 2. d4 d5 3. Nc3 Nf6 4. e5 Ng8 5. Be3 e6 6. Nce2 Qb6 7. Qc1 Nd7 8. c3
c5 9. f4 Nh6 10. Nf3 a6 11. h3 Nf5 12. Bf2 cxd4 13. Nexd4 Nxd4 14. Nxd4 Nc5 15.
Nb3 Bd7 16. Nxc5 Bxc5 17. Qd2 Rc8 18. Bxc5 Rxc5 19. O-O-O Bb5 20. g4 O-O 21.
Qd4 Rfc8 22. f5 Qa5 23. Kb1 Bc4 24. Bxc4 Rxc4 25. Qe3 Re4 26. Qg3 Rc6 27. Rd2
Ra4 28. a3 Rb6 29. Kc1 Rxa3 30. bxa3 Qxa3+ 31. Kd1 Qa1+ 32. Ke2 Qxh1 33. Qh4
Qe4+ 34. Kf2 Qf4+ 35. Ke2 Qxe5+ 36. Kf2 f6 37. Qh5 g6 38. Qh6 Rb1 39. fxg6 Qe1+
40. Kf3 Qe4+ 41. Kf2 Qe1+ 42. Kf3 Qf1+ 43. Kg3 Qg1+ 44. Rg2 Qe1+ 45. Rf2 Qxc3+
46. Kg2 Qc7 47. gxh7+ Qxh7 48. Qxf6 Qe4+ 49. Rf3 Rb2+ 50. Kg3 Qe1+ 51. Kf4 Qc1+
52. Kg3 Qe1+ 53. Kf4 Qc1+ 1/2-1/2

[Event "Ontario op U2200"]
[Site "Toronto CAN"]
[Date "2022.05.22"]
[Round "3.31"]
[White "Flores, Marc"]
[Black "Jeyakumar, Bhavatharshan"]
[Result "1-0"]
[WhiteElo "1894"]
[BlackElo "1827"]
[PlyCount "100"]
[EventDate "2022.05.21"]
[EventType "swiss"]
[EventRounds "6"]
[EventCountry "CAN"]

1. d4 Nf6 2. c4 e5 3. e3 exd4 4. exd4 d5 5. Nf3 c6 6. Nc3 Bb4 7. Be2 Bf5 8. O-O
O-O 9. Bg5 Bxc3 10. bxc3 Nbd7 11. h3 Qc7 12. Qb3 Rfe8 13. Rfe1 Be6 14. Bh4 Ne4
15. Bd3 f5 16. Rac1 Ndf6 17. Ne5 g5 18. cxd5 cxd5 19. c4 Qg7 20. cxd5 Bxd5 21.
Bc4 Rad8 22. Bxd5+ Nxd5 23. f3 Nef6 24. Bf2 h5 25. Kh1 Kh8 26. Rc5 Rg8 27. g4
hxg4 28. fxg4 fxg4 29. hxg4 Qh7+ 30. Kg1 Rg7 31. Qf3 Nf4 32. Be3 Qh4 33. Bf2
Nh3+ 34. Kg2 Nxf2 35. Qxf6 Qh3+ 36. Kxf2 Qh2+ 37. Ke3 Qg3+ 38. Nf3 Re8+ 39. Re5
Rxe5+ 40. dxe5 Kg8 41. Rd1 Qxg4 42. Rg1 Qf4+ 43. Qxf4 gxf4+ 44. Kxf4 Rxg1 45.
Nxg1 Kf7 46. Kf5 b5 47. Ne2 b4 48. Nd4 a6 49. e6+ Ke8 50. Ke5 a5 1-0

[Event "Ontario op U2200"]
[Site "Toronto CAN"]
[Date "2022.05.22"]
[Round "3.32"]
[White "Lefort, Victor"]
[Black "Douglas, Richard"]
[Result "0-1"]
[WhiteElo "1755"]
[BlackElo "2054"]
[PlyCount "52"]
[EventDate "2022.05.21"]
[EventType "swiss"]
[EventRounds "6"]
[EventCountry "CAN"]

1. e4 Nf6 2. e5 Nd5 3. c4 Nb6 4. Nc3 d6 5. exd6 exd6 6. d4 Nc6 7. Be3 Be7 8. a3
Bf6 9. Rc1 O-O 10. h3 Re8 11. Nf3 Bh4 12. Qd2 Na5 13. Nd1 Nb3 14. Qc3 Nxc1 15.
Qxc1 Bf5 16. Be2 Bf6 17. O-O c5 18. Nc3 cxd4 19. Nxd4 Bxd4 20. Bxd4 Qh4 21. Rd1
Re6 22. Bf1 Rg6 23. Kh2 Re8 24. b3 Nd7 25. Nd5 Ne5 26. Qb2 Qxh3+ 0-1

[Event "Ontario op U2200"]
[Site "Toronto CAN"]
[Date "2022.05.22"]
[Round "3.33"]
[White "Li, Ande"]
[Black "Courson, Wade"]
[Result "1-0"]
[WhiteElo "1675"]
[BlackElo "1886"]
[PlyCount "147"]
[EventDate "2022.05.21"]
[EventType "swiss"]
[EventRounds "6"]
[EventCountry "CAN"]

1. e4 e5 2. d4 exd4 3. c3 Qe7 4. Bd3 d5 5. Qe2 dxe4 6. Bxe4 Nf6 7. Bf3 d3 8.
Qxe7+ Bxe7 9. Bf4 Na6 10. Nd2 Rb8 11. O-O-O Be6 12. Nb3 O-O 13. Rxd3 b5 14. Nd4
Nc5 15. Rd2 Bxa2 16. b4 Nb3+ 17. Nxb3 Bxb3 18. Kb2 Be6 19. Bxc7 Rbc8 20. Ba5
Nd7 21. Bd5 Ne5 22. Bxe6 fxe6 23. Kb3 Bf6 24. Ne2 Bg5 25. f4 Bxf4 26. Nxf4 Rxf4
27. Re2 Nc4 28. Rd1 Rcf8 29. Bc7 Rf1 30. Rxf1 Rxf1 31. Kc2 Kf7 32. Bb8 a6 33.
Kd3 Rd1+ 34. Kc2 Rd5 35. h4 e5 36. g4 Ke6 37. Ba7 Rd7 38. Bc5 Rf7 39. g5 Rf3
40. Kb3 Kf5 41. Ra2 Kg4 42. Rxa6 Kxh4 43. Ra7 g6 44. Rxh7+ Kxg5 45. Rb7 Kf5 46.
Rxb5 Rf4 47. Bd4 Nd2+ 48. Kc2 Nf3 49. Be3 Rh4 50. Kd3 g5 51. Ke2 g4 52. Rb8 Ke4
53. Bf2 Rh5 54. Rg8 Kf5 55. b5 Rh7 56. b6 Ng5 57. Rf8+ Ke6 58. c4 Ne4 59. Ra8
g3 60. Be3 Rd7 61. Kf3 Nd6 62. c5 e4+ 63. Kxg3 Nf5+ 64. Kf4 Nxe3 65. Kxe3 Kd5
66. Rc8 Rf7 67. Rc7 Rf3+ 68. Ke2 Rb3 69. b7 Rb2+ 70. Kd1 e3 71. c6 Ke4 72. Rc8
e2+ 73. Ke1 Kd3 74. b8=Q 1-0

[Event "Ontario op U2200"]
[Site "Toronto CAN"]
[Date "2022.05.22"]
[Round "3.34"]
[White "Rajsic, Branislav"]
[Black "Lu, Tony"]
[Result "0-1"]
[WhiteElo "1784"]
[BlackElo "1765"]
[PlyCount "66"]
[EventDate "2022.05.21"]
[EventType "swiss"]
[EventRounds "6"]
[EventCountry "CAN"]

1. e4 e6 2. d4 d5 3. e5 c5 4. c3 Nc6 5. Nf3 Qb6 6. Be2 Bd7 7. O-O cxd4 8. cxd4
Nge7 9. Na3 Nf5 10. Nc2 Rc8 11. a3 Na5 12. Nb4 Bxb4 13. axb4 Nc6 14. Be3 Nxb4
15. g4 Nxe3 16. fxe3 O-O 17. Kf2 a6 18. Kg3 Nc2 19. Ng5 Nxa1 20. Qb1 g6 21. Bd3
Be8 22. Rf6 Rc7 23. Qf1 Qb4 24. Qh3 Qe1+ 25. Kg2 h5 26. gxh5 Rc2+ 27. Bxc2 Nxc2
28. Rf3 Bb5 29. hxg6 Bf1+ 30. Rxf1 Nxe3+ 31. Kg1 Qxf1+ 32. Qxf1 Nxf1 33. Kxf1
fxg6+ 0-1

[Event "Ontario op U2200"]
[Site "Toronto CAN"]
[Date "2022.05.22"]
[Round "4.17"]
[White "Zheng, Victor"]
[Black "Ganea, Mihai"]
[Result "0-1"]
[WhiteElo "1918"]
[BlackElo "1954"]
[PlyCount "52"]
[EventDate "2022.05.21"]
[EventType "swiss"]
[EventRounds "6"]
[EventCountry "CAN"]

1. Nf3 e6 2. g3 b6 3. Bg2 Bb7 4. O-O Nf6 5. c4 Be7 6. d4 O-O 7. b3 d5 8. Nbd2
c5 9. cxd5 exd5 10. Bb2 Nc6 11. Rc1 Rc8 12. Re1 Re8 13. h4 Bd6 14. Bh3 Ra8 15.
Nf1 Ne4 16. Qc2 Bc8 17. Bxc8 Rxc8 18. Qb1 f5 19. Qa1 f4 20. dxc5 fxg3 21. Nxg3
Bxg3 22. fxg3 Qc7 23. Kf1 Qxg3 24. Bd4 bxc5 25. Rxc5 Nxd4 26. Qxd4 Rxc5 0-1

[Event "Ontario op U2200"]
[Site "Toronto CAN"]
[Date "2022.05.22"]
[Round "4.18"]
[White "Mendes, Aaron Reeve"]
[Black "Adriaanse, Adam"]
[Result "0-1"]
[WhiteElo "1959"]
[BlackElo "2194"]
[PlyCount "206"]
[EventDate "2022.05.21"]
[EventType "swiss"]
[EventRounds "6"]
[EventCountry "CAN"]

1. e4 c6 2. c4 d5 3. exd5 cxd5 4. cxd5 Nf6 5. Nc3 Nxd5 6. Bc4 Nb6 7. Bb3 Nc6 8.
Nf3 Bf5 9. d4 e6 10. O-O Be7 11. h3 O-O 12. Be3 Bf6 13. Qe2 Na5 14. Bc2 Bxc2
15. Qxc2 Rc8 16. Qd3 Nd5 17. Rac1 Nc4 18. b3 Ncb6 19. Ne4 Be7 20. Bg5 h6 21.
Bxe7 Qxe7 22. Nc5 Rc7 23. Qd2 Rd8 24. a4 Nd7 25. b4 a5 26. Nxd7 Qxd7 27. b5
Rdc8 28. Rc5 b6 29. Ne5 Qd6 30. Nc4 Qd8 31. Rxc7 Rxc7 32. Ne5 Qg5 33. f4 Qf5
34. Nc6 Qe4 35. Kh2 Nb4 36. Re1 Qd3 37. Qxd3 Nxd3 38. Rf1 Nb4 39. Ne5 Rc2 40.
f5 Rd2 41. fxe6 fxe6 42. Rf7 Nd5 43. Rb7 Rxd4 44. Rb8+ Kh7 45. Nd7 Kg6 46. Nxb6
Nxb6 47. Rxb6 Kf6 48. Ra6 Rxa4 49. b6 Rb4 50. Rxa5 Rxb6 51. Kg3 Rd6 52. Kf3 Rd4
53. Ra6 Rb4 54. Rc6 Rb7 55. Kf4 Rb2 56. Kf3 Rd2 57. Ra6 Kf5 58. g4+ Kf6 59. h4
Rd3+ 60. Kf4 Rd4+ 61. Kf3 h5 62. gxh5 Rxh4 63. Ra5 e5 64. Ra6+ Kf7 65. h6 Rxh6
66. Ra7+ Kf6 67. Kg4 Rg6+ 68. Kf3 Rg1 69. Ke4 Re1+ 70. Kf3 Rb1 71. Ke3 g5 72.
Ke4 Rb4+ 73. Kf3 Rf4+ 74. Ke3 g4 75. Ra1 Kf5 76. Rh1 Rf3+ 77. Ke2 e4 78. Rh8
Kf4 79. Rf8+ Kg3 80. Re8 Kg2 81. Rxe4 g3 82. Ke1 Kg1 83. Re6 g2 84. Rg6 Rf4 85.
Rh6 Re4+ 86. Kd2 Kf2 87. Rg6 g1=Q 88. Rxg1 Kxg1 89. Kd3 Re8 90. Kd4 Kf2 91. Kd5
Ke3 92. Kc5 Rd8 93. Kc6 Kd4 94. Kb5 Rc8 95. Kb6 Rc5 96. Ka6 Kd5 97. Kb6 Kd6 98.
Kb7 Rb5+ 99. Ka6 Kc6 100. Ka7 Rb6 101. Ka8 Kc7 102. Ka7 Rc6 103. Ka8 Ra6# 0-1

[Event "Ontario op U2200"]
[Site "Toronto CAN"]
[Date "2022.05.22"]
[Round "4.19"]
[White "Loadman, Ian"]
[Black "Xu, Eddie"]
[Result "1/2-1/2"]
[WhiteElo "2091"]
[BlackElo "2091"]
[PlyCount "109"]
[EventDate "2022.05.21"]
[EventType "swiss"]
[EventRounds "6"]
[EventCountry "CAN"]

1. e4 c5 2. Nc3 Nc6 3. Bb5 Nd4 4. Nf3 g6 5. Bc4 Bg7 6. Nxd4 cxd4 7. Qf3 e6 8.
Nb5 d6 9. Qa3 Ke7 10. c3 dxc3 11. dxc3 a6 12. Be2 b6 13. c4 Bb7 14. Nc3 Qc7 15.
O-O Nf6 16. e5 Nd7 17. Bg5+ f6 18. exf6+ Bxf6 19. Bxf6+ Nxf6 20. Rfe1 Kf7 21.
Rad1 Rhd8 22. Bf1 e5 23. b4 Rac8 24. Rc1 Kg7 25. Qb2 Rf8 26. h3 Rf7 27. Bd3
Rcf8 28. Rc2 Qd8 29. Be4 Nxe4 30. Nxe4 Rf4 31. Rce2 Qc7 32. f3 Bxe4 33. Rxe4
R4f6 34. Rd1 b5 35. Qe2 bxc4 36. Rxc4 Qb7 37. Rdc1 R6f7 38. a3 a5 39. bxa5 Qa7+
40. Kh1 Qxa5 41. a4 Ra8 42. Rd1 Ra6 43. Qe4 Rf4 44. Qb7+ Rf7 45. Qe4 Qb6 46.
Rb1 Qa7 47. Rcb4 Qc5 48. Rb7 Ra7 49. Rxf7+ Rxf7 50. Rb7 Rxb7 51. Qxb7+ Kh6 52.
Qb5 Qc1+ 53. Kh2 Qf4+ 54. Kh1 Qc1+ 55. Kh2 1/2-1/2

[Event "Ontario op U2200"]
[Site "Toronto CAN"]
[Date "2022.05.22"]
[Round "4.20"]
[White "Oancea, Nicolae"]
[Black "Dai, Wenzhi"]
[Result "1/2-1/2"]
[WhiteElo "1830"]
[BlackElo "2177"]
[PlyCount "190"]
[EventDate "2022.05.21"]
[EventType "swiss"]
[EventRounds "6"]
[EventCountry "CAN"]

1. e4 e6 2. f4 d5 3. e5 c5 4. Nf3 Nc6 5. c3 Nge7 6. Na3 Ng6 7. Nc2 Nxf4 8. d4
Ng6 9. h4 cxd4 10. cxd4 Be7 11. g3 h6 12. Bd3 Nf8 13. Bd2 Qb6 14. a3 Na5 15.
Bc3 Bd7 16. O-O Bb5 17. Nfe1 Bxd3 18. Nxd3 Nd7 19. Qg4 Nb3 20. Rad1 O-O 21. Kg2
f5 22. Qg6 Rf7 23. Nf4 Nf8 24. Qh5 g5 25. Nh3 Rg7 26. Kh2 g4 27. Nf4 Qc6 28.
Na1 Nxa1 29. Rxa1 Qe8 30. Bb4 Bxb4 31. axb4 Qxh5 32. Nxh5 Rc7 33. Rfc1 Rac8 34.
Rxc7 Rxc7 35. Rxa7 Kf7 36. b5 Nd7 37. Ra8 Rc2+ 38. Kg1 Rxb2 39. Rh8 Nf8 40.
Rxh6 Rxb5 41. Rf6+ Ke7 42. Nf4 Rb3 43. Kg2 Rb2+ 44. Kf1 Rd2 45. h5 Rxd4 46.
Ng6+ Nxg6 47. hxg6 Rc4 48. Rf7+ Ke8 49. Rxb7 Kf8 50. Rb6 Kg7 51. Rxe6 Re4 52.
Kf2 d4 53. Rd6 Rxe5 54. Rxd4 Kxg6 55. Rd8 Ra5 56. Rd6+ Kg5 57. Rd2 Kf6 58. Re2
Ra4 59. Kg2 Re4 60. Ra2 Re3 61. Ra6+ Re6 62. Ra5 Rd6 63. Ra2 Rd5 64. Re2 Rd3
65. Ra2 Ke5 66. Re2+ Kd4 67. Rf2 Ke4 68. Rf4+ Ke5 69. Rf2 Rd5 70. Ra2 Ke4 71.
Re2+ Kd3 72. Kf2 Rc5 73. Re3+ Kd4 74. Re2 Rc3 75. Rd2+ Rd3 76. Ra2 Rf3+ 77. Kg1
Rd3 78. Rf2 Ke4 79. Rf4+ Ke5 80. Rf2 Rd5 81. Re2+ Kd4 82. Rd2+ Kc4 83. Re2 Kc3
84. Re3+ Kc2 85. Re8 Rd2 86. Kf1 Kd3 87. Re5 Ra2 88. Rxf5 Ke3 89. Rf4 Ra1+ 90.
Kg2 Ra2+ 91. Kg1 Rd2 92. Rxg4 Kf3 93. Rg8 Rg2+ 94. Kf1 Rxg3 95. Rxg3+ Kxg3
1/2-1/2

[Event "Ontario op U2200"]
[Site "Toronto CAN"]
[Date "2022.05.22"]
[Round "4.21"]
[White "Pimentel, Sheldon"]
[Black "Malmsten, Erik"]
[Result "0-1"]
[WhiteElo "2026"]
[BlackElo "1975"]
[PlyCount "66"]
[EventDate "2022.05.21"]
[EventType "swiss"]
[EventRounds "6"]
[EventCountry "CAN"]

1. d4 f5 2. Nc3 Nf6 3. Bg5 d5 4. Nf3 e6 5. Ne5 Be7 6. e3 O-O 7. Be2 Nbd7 8.
Nxd7 Bxd7 9. O-O c6 10. Nb1 Ne4 11. Bxe7 Qxe7 12. f3 Nd6 13. Nd2 e5 14. c3 Rae8
15. Re1 Rf6 16. Bf1 Rh6 17. f4 exf4 18. exf4 Ne4 19. Nf3 Qf6 20. Ne5 Qh4 21.
Rxe4 Qxh2+ 22. Kf2 fxe4 23. Nxd7 Qxf4+ 24. Ke1 Qg3+ 25. Kd2 Rh1 26. Qe2 e3+ 27.
Kc2 a5 28. Ne5 Qf4 29. Re1 a4 30. Qf3 Rf8 31. Qxf4 Rxf4 32. Nf3 Rxf3 33. gxf3
e2 0-1

[Event "Ontario op U2200"]
[Site "Toronto CAN"]
[Date "2022.05.22"]
[Round "4.22"]
[White "Faraji, Jafar"]
[Black "Shih, Matthew"]
[Result "0-1"]
[WhiteElo "1941"]
[BlackElo "1985"]
[PlyCount "52"]
[EventDate "2022.05.21"]
[EventType "swiss"]
[EventRounds "6"]
[EventCountry "CAN"]

1. Nf3 Nf6 2. d4 d5 3. g3 c6 4. Bg2 Bg4 5. O-O Nbd7 6. b3 e6 7. Bb2 Be7 8. c4
O-O 9. h3 Bf5 10. Nc3 Ne4 11. Nd2 Nxc3 12. Bxc3 Nf6 13. Re1 Qc7 14. e4 Nxe4 15.
Nxe4 Bxe4 16. Bxe4 dxe4 17. Rxe4 Bf6 18. b4 b5 19. c5 Qd7 20. Qe2 Qd5 21. f4 a5
22. bxa5 b4 23. Bb2 Rxa5 24. g4 g6 25. Qc2 Rfa8 26. h4 Rxa2 0-1

[Event "Ontario op U2200"]
[Site "Toronto CAN"]
[Date "2022.05.22"]
[Round "4.23"]
[White "He, Emma"]
[Black "Kim, Noah"]
[Result "0-1"]
[WhiteElo "1981"]
[BlackElo "1884"]
[PlyCount "78"]
[EventDate "2022.05.21"]
[EventType "swiss"]
[EventRounds "6"]
[EventCountry "CAN"]

1. e4 c6 2. c4 d5 3. cxd5 cxd5 4. exd5 Nf6 5. Nc3 Nxd5 6. Nf3 g6 7. Bc4 Nb6 8.
Bb3 Bg7 9. d4 O-O 10. h3 Nc6 11. Be3 Na5 12. Bc2 Nac4 13. Bc1 Nd6 14. O-O Bf5
15. Bf4 Bxc2 16. Qxc2 Nf5 17. Rad1 e6 18. Qe4 Nd5 19. Be5 Nxc3 20. bxc3 Qd5 21.
Qe2 Rac8 22. Rc1 b5 23. Rc2 Rc6 24. Bxg7 Kxg7 25. Ne5 Rc7 26. g4 Nd6 27. f4 f6
28. Nd3 Rxc3 29. Rxc3 Qxd4+ 30. Nf2 Qxc3 31. Nd3 Qd4+ 32. Kh2 Rc8 33. Ne1 Qe4
34. Qd2 Nf7 35. Qf2 a6 36. h4 e5 37. fxe5 Qxe5+ 38. Kg1 Rc4 39. Qf3 Rc3 0-1

[Event "Ontario op U2200"]
[Site "Toronto CAN"]
[Date "2022.05.22"]
[Round "4.24"]
[White "Southam, David"]
[Black "Mahtani, Nitin"]
[Result "0-1"]
[WhiteElo "2087"]
[BlackElo "1773"]
[PlyCount "86"]
[EventDate "2022.05.21"]
[EventType "swiss"]
[EventRounds "6"]
[EventCountry "CAN"]

1. d4 d5 2. c4 c6 3. Nf3 Nf6 4. e3 e6 5. Nc3 Nbd7 6. Bd3 dxc4 7. Bxc4 b5 8. Bd3
a6 9. e4 c5 10. d5 c4 11. Bc2 Bb7 12. dxe6 fxe6 13. Ng5 Nc5 14. Be3 Qxd1+ 15.
Rxd1 Nfd7 16. a3 Be7 17. f3 h6 18. Nh3 O-O-O 19. Ke2 g5 20. Rd2 Rhe8 21. Rhd1
Ne5 22. Rxd8+ Rxd8 23. Rxd8+ Kxd8 24. Nf2 Nc6 25. h4 e5 26. hxg5 hxg5 27. Nh3
Nd4+ 28. Kd1 Nce6 29. Nd5 Bxd5 30. exd5 Nf4 31. Nxf4 gxf4 32. Bxd4 exd4 33. Be4
Kc7 34. Kd2 Kd6 35. Kc2 Kc5 36. b3 a5 37. a4 d3+ 38. Kb2 bxa4 39. bxc4 Kxc4 40.
d6 Bxd6 41. Bg6 a3+ 42. Kc1 Kc3 43. Bf7 Bb4 0-1

[Event "Ontario op U2200"]
[Site "Toronto CAN"]
[Date "2022.05.22"]
[Round "4.25"]
[White "Laughlin, Braden"]
[Black "Bui, Alan"]
[Result "1/2-1/2"]
[WhiteElo "1908"]
[BlackElo "2117"]
[PlyCount "56"]
[EventDate "2022.05.21"]
[EventType "swiss"]
[EventRounds "6"]
[EventCountry "CAN"]

1. e4 e5 2. Nf3 Nc6 3. Bb5 a6 4. Ba4 Nf6 5. O-O Be7 6. d3 b5 7. Bb3 d6 8. c3
O-O 9. h3 Na5 10. Bc2 c5 11. Re1 Nc6 12. d4 cxd4 13. cxd4 exd4 14. Nxd4 Nxd4
15. Qxd4 Be6 16. Nc3 Rc8 17. Bb3 Bc4 18. Bf4 d5 19. Nxd5 Bc5 20. Nxf6+ gxf6 21.
Qxd8 Rfxd8 22. Be3 Bxe3 23. Rxe3 Rd2 24. Rf3 Kg7 25. Rc1 Rxb2 26. Bxc4 Rxc4 27.
Rxc4 bxc4 28. Rc3 Rxa2 1/2-1/2

[Event "Ontario op U2200"]
[Site "Toronto CAN"]
[Date "2022.05.22"]
[Round "4.26"]
[White "Orlovskii, Konstantin"]
[Black "Nazareno, Merlin"]
[Result "0-1"]
[WhiteElo "1734"]
[BlackElo "2083"]
[PlyCount "118"]
[EventDate "2022.05.21"]
[EventType "swiss"]
[EventRounds "6"]
[EventCountry "CAN"]

1. d4 Nf6 2. Nc3 d5 3. Bg5 Bf5 4. f3 Nc6 5. Bxf6 exf6 6. e4 dxe4 7. fxe4 Bd7 8.
Nf3 Bb4 9. Be2 Qe7 10. Qd3 Bg4 11. O-O-O Bxc3 12. Qxc3 Qxe4 13. d5 O-O 14. Bd3
Qf4+ 15. Kb1 Ne7 16. Rhe1 Qd6 17. Qd4 f5 18. h3 c5 19. Qe5 Qxe5 20. Rxe5 Bxf3
21. gxf3 Ng6 22. Rxf5 Nh4 23. Rh5 Ng6 24. Be4 Rad8 25. c4 Rd6 26. Rg1 h6 27.
Rf5 Re8 28. Rg4 Ne5 29. Rg2 Nxc4 30. Rf4 f5 31. Rxf5 Ne3 32. Rd2 Nxf5 33. Bxf5
Re5 34. Be4 Rh5 35. Rc2 b6 36. b4 cxb4 37. Rc8+ Kf7 38. Rc7+ Kf6 39. Rxa7 Rxh3
40. Kb2 g5 41. Ra4 h5 42. Rxb4 g4 43. fxg4 hxg4 44. Bc2 Kg5 45. Bd1 Rh4 46. Rd4
g3 47. Rd3 Rh2+ 48. Kb3 g2 49. Rg3+ Kf4 50. Rg4+ Ke3 51. Kc4 Kf2 52. Ba4 g1=Q
53. Rxg1 Kxg1 54. Bb5 Kf2 55. Bc6 Kf3 56. Kb4 Kf4 57. Kb5 Rh5 58. a4 Rhxd5+ 59.
Bxd5 Rxd5+ 0-1

[Event "Ontario op U2200"]
[Site "Toronto CAN"]
[Date "2022.05.22"]
[Round "4.27"]
[White "Chen, Richard"]
[Black "Lu, Eddie"]
[Result "1-0"]
[WhiteElo "1910"]
[BlackElo "1646"]
[PlyCount "41"]
[EventDate "2022.05.21"]
[EventType "swiss"]
[EventRounds "6"]
[EventCountry "CAN"]

1. e4 d6 2. d4 Nf6 3. Nc3 Nbd7 4. Nf3 e5 5. d5 Be7 6. Bb5 a6 7. Bxd7+ Nxd7 8.
Be3 c5 9. a4 b6 10. Ne2 O-O 11. Ng3 Rb8 12. O-O Nf6 13. h3 Ne8 14. Nf5 Bxf5 15.
exf5 g6 16. Bh6 Ng7 17. fxg6 hxg6 18. Qd3 b5 19. axb5 axb5 20. Ra7 f5 21. Bxg7
1-0

[Event "Ontario op U2200"]
[Site "Toronto CAN"]
[Date "2022.05.22"]
[Round "4.28"]
[White "Ishow, Younan"]
[Black "Flores, Marc"]
[Result "1-0"]
[WhiteElo "2146"]
[BlackElo "1894"]
[PlyCount "31"]
[EventDate "2022.05.21"]
[EventType "swiss"]
[EventRounds "6"]
[EventCountry "CAN"]

1. e4 c5 2. Nf3 Nc6 3. Nc3 d6 4. d4 cxd4 5. Nxd4 Nf6 6. Be3 a6 7. Bd3 e5 8. Nb3
Be7 9. h3 Be6 10. O-O O-O 11. f4 b5 12. f5 Bc8 13. g4 d5 14. Nxd5 Nxd5 15. exd5
Qxd5 16. f6 1-0

[Event "Ontario op U2200"]
[Site "Toronto CAN"]
[Date "2022.05.22"]
[Round "4.29"]
[White "Douglas, Richard"]
[Black "Wu, Benjamin"]
[Result "0-1"]
[WhiteElo "2054"]
[BlackElo "1828"]
[PlyCount "94"]
[EventDate "2022.05.21"]
[EventType "swiss"]
[EventRounds "6"]
[EventCountry "CAN"]

1. f4 d5 2. Nf3 c5 3. g3 Nf6 4. Bg2 Nc6 5. d3 e6 6. O-O Be7 7. Qe1 O-O 8. e4
dxe4 9. dxe4 Nd4 10. Nxd4 Qxd4+ 11. Kh1 Bd7 12. c3 Qd3 13. e5 Nd5 14. Be4 Qa6
15. Na3 Bc6 16. Bd2 Rad8 17. f5 exf5 18. Rxf5 Nc7 19. Rf2 c4 20. Nc2 Bc5 21.
Re2 Rfe8 22. Bg5 f6 23. b4 Bxe4+ 24. Rxe4 Qc6 25. bxc5 Rxe5 26. Nd4 Qxe4+ 27.
Qxe4 Rxe4 28. Bf4 Ne6 29. Bd6 Rc8 30. Nf5 Kf7 31. Ne7 Rd8 32. Rd1 Rd7 33. Nc8
Ng5 34. h4 Nf3 35. Rf1 Re1 36. Rxe1 Nxe1 37. Nxa7 Nd3 38. Nb5 Nf2+ 39. Kg2 Ne4
40. Kf3 Nxd6 41. Nxd6+ Rxd6 42. cxd6 Ke6 43. d7 Kxd7 44. Kf4 Kc6 45. h5 g6 46.
Ke4 gxh5 47. Kd4 b5 0-1

[Event "Ontario op U2200"]
[Site "Toronto CAN"]
[Date "2022.05.22"]
[Round "4.30"]
[White "Sneeggen, Espen"]
[Black "Lim, Levi"]
[Result "0-1"]
[WhiteElo "1646"]
[BlackElo "1934"]
[PlyCount "82"]
[EventDate "2022.05.21"]
[EventType "swiss"]
[EventRounds "6"]
[EventCountry "CAN"]

1. d4 Nf6 2. Nc3 d5 3. Bf4 c6 4. e3 Bf5 5. Bd3 Bxd3 6. cxd3 e6 7. Nf3 Bb4 8. h3
Nbd7 9. O-O O-O 10. Qb3 Qb6 11. Na4 Qa5 12. a3 Be7 13. Nc3 Qb6 14. Qc2 Rfc8 15.
Na4 Qd8 16. Nc5 b6 17. Nxd7 Nxd7 18. Rac1 c5 19. Ne5 h6 20. Qe2 cxd4 21. Nc6
Qf8 22. exd4 Bd6 23. Qf3 Bxf4 24. Qxf4 a5 25. Rc3 Kh8 26. Rfc1 b5 27. Nxa5 Rxc3
28. Rxc3 e5 29. Qc1 exd4 30. Rc7 Nf6 31. Nb3 b4 32. a4 Kh7 33. Qf4 Kg8 34. Qc1
Kh7 35. Qc6 Re8 36. a5 Re1+ 37. Kh2 Qb8 38. Qb7 Qe8 39. Qxb4 Qe5+ 40. g3 Qe2
41. Qxd4 Qf1 0-1

[Event "Ontario op U2200"]
[Site "Toronto CAN"]
[Date "2022.05.22"]
[Round "4.31"]
[White "Lu, Tony"]
[Black "Cater, Brendan"]
[Result "1-0"]
[WhiteElo "1765"]
[BlackElo "1916"]
[PlyCount "49"]
[EventDate "2022.05.21"]
[EventType "swiss"]
[EventRounds "6"]
[EventCountry "CAN"]

1. Nf3 Nf6 2. g3 g6 3. Bg2 Bg7 4. O-O d5 5. d4 O-O 6. c4 c6 7. Nc3 h6 8. Ne5
Na6 9. b3 Bf5 10. Bb2 Nc7 11. h3 h5 12. e3 Nd7 13. Nd3 Nb6 14. cxd5 Nbxd5 15.
Nxd5 cxd5 16. Rc1 Bxd3 17. Qxd3 Rc8 18. Rc5 e6 19. Rfc1 Qd7 20. Qc2 h4 21. Rxc7
Rxc7 22. Qxc7 Qb5 23. b4 Qxb4 24. Qc5 Qd2 25. Qc3 1-0

[Event "Ontario op U2200"]
[Site "Toronto CAN"]
[Date "2022.05.22"]
[Round "4.32"]
[White "Jeyakumar, Bhavatharshan"]
[Black "Li, Ande"]
[Result "0-1"]
[WhiteElo "1827"]
[BlackElo "1675"]
[PlyCount "102"]
[EventDate "2022.05.21"]
[EventType "swiss"]
[EventRounds "6"]
[EventCountry "CAN"]

1. e4 c5 2. Nf3 e6 3. d4 cxd4 4. Nxd4 a6 5. Nc3 Qc7 6. Be2 Nf6 7. a3 b5 8. Be3
b4 9. axb4 Bxb4 10. Bd2 Bxc3 11. Bxc3 Nxe4 12. Ba5 Qf4 13. O-O Bb7 14. Bb4 d6
15. g3 Qg5 16. Bf3 a5 17. Bxe4 Bxe4 18. Bxd6 Qd5 19. Nb3 Qxd1 20. Raxd1 Bxc2
21. Rc1 Bxb3 22. Rc8+ Kd7 23. Rxh8 Kxd6 24. Rxh7 Nc6 25. Rxg7 Ke7 26. Rc1 Bd5
27. Rg4 Ne5 28. Ra4 Bc6 29. Ra3 Nf3+ 30. Kf1 Nxh2+ 31. Ke2 Bb5+ 32. Ke3 Ng4+
33. Kf4 Nxf2 34. Rca1 Nd3+ 35. Ke3 Nxb2 36. Rb3 Nc4+ 37. Kd4 Rd8+ 38. Kc3 Rc8
39. Re1 Nd6+ 40. Kd4 Rc4+ 41. Ke3 a4 42. Rbb1 a3 43. Ra1 Rc3+ 44. Kf4 Bc6 45.
Rec1 Rf3+ 46. Kg4 f5+ 47. Kh4 Bd5 48. Rc7+ Kf6 49. Ra7 Rf2 50. Kh3 a2 51. Rc1
Ne4 0-1

[Event "Ontario op U2200"]
[Site "Toronto CAN"]
[Date "2022.05.22"]
[Round "4.33"]
[White "Courson, Wade"]
[Black "Rajsic, Branislav"]
[Result "1-0"]
[WhiteElo "1886"]
[BlackElo "1784"]
[PlyCount "53"]
[EventDate "2022.05.21"]
[EventType "swiss"]
[EventRounds "6"]
[EventCountry "CAN"]

1. e4 c5 2. d3 e5 3. Nc3 d6 4. g3 Be6 5. Bg2 Nf6 6. Nf3 h6 7. O-O Be7 8. Qe1
Nbd7 9. Kh1 O-O 10. Ng1 Nh7 11. f4 exf4 12. gxf4 Ndf6 13. f5 Bd7 14. Qg3 Kh8
15. Nh3 Bc6 16. Nf4 b5 17. Rg1 Rg8 18. Bf3 Nd7 19. Bh5 Ne5 20. Bxf7 Bh4 21. Qg2
Ng5 22. Bxg8 Kxg8 23. Ncd5 Qe8 24. Ne6 Qh5 25. Bxg5 hxg5 26. Nxg5 Bxg5 27. Qxg5
1-0